Culture Générale - Clic Quiz - La réponse est un vêtement - Statistiques

Statistiques générales
  • Ce quiz a été pris 365 fois
  • Le résultat moyen est 15 sur 20
Statistiques - réponses
Hint Réponse % Correct
Sport collectif qui se joue à cheval Polo
96%
Compléte le titre de la chanson de rap humoristique sortie en 2006, premier single du groupe de rap parodique français Fatal Bazooka : "Fous ta ..." Cagoule
95%
Compléte le Nom sous lequel se désignent à partir de 1792, au plus fort de la Révolution française, les agitateurs parisiens issus du petit peuple d'artisans, de commerçants et d'ouvriers : "les Sans-..." Culotte
94%
Désigne du mauvais café, le jus de ... Chaussette
93%
Course à pied à un rythme lent, qui sert d’exercice Jogging
93%
Race de chien molossoïde type dogue d'origine allemande créée comme chien de défense, d'aspect ramassé, au poil ras, dur et brillant Boxer
92%
Bouée de sauvetage que l’on passe autour du bras, utilisée principalement par les enfants Brassière
88%
Doit être Bleu, blanc, rouge avec glands à franges d'or pour les Maires en France Echarpe
85%
Ruban mis aux enchères lors d’un mariage Jarretière
77%
Ensemble des signaux visuels qui caractérisent le vin lorsqu'il se trouve dans un verre Robe
74%
Couche géologique terrestre située entre la croute et le noyau, d’une épaisseur moyenne de 3000 kilomètres Manteau
73%
A rayures bleues et blanches, elle faisait partie du costume de scène de Coluche porté pour la première fois dans un sketch en 1974 Salopette
71%
Emblématique du capitaine Haddock dans Les Aventures de Tintin et de Gaston Lagaffe Col roulé
69%
Ouvrage de métal ou de bois qui sert de clôture. Treillis
69%
On se la prend comme un Échec, une déconvenue, un râteau Veste
67%
Au hockey, on s'en débarrasse vite pour se battre contre un autre joueur Gant
66%
Plaquage à hauteur du cou, sévèrement sanctionné au rugby Cravate
65%
Élément de structure, généralement cylindrique ou tronconique, qui assure la continuité du profil aérodynamique d’un lanceur Jupe
34%
Machine forestière conçue spécifiquement pour le déplacement des grumes par traînage. Débardeur
31%
Morceau de décor de théâtre placé derrière une porte ou une fenêtre Pantalon
20%
Aucun quiz correspondant
Distribution des résultats
% des personnes avec chaque résultat
Percentile par nombre de réponses
Votre historique - résultats
Vous n’avez pas pris ce quiz